Österbotten Trivia - Statistics

General Stats
  • This quiz has been taken 22 times
  • The average score is 9 of 15
Answer Stats
Fråga Svar % Correct
Vilket är det mest talade språket? Svenska
93%
Vad är Österbottens centralort? Vasa
93%
Vilket politiskt parti har historiskt sätt dominerat i landskapet? Svenska Folkpartiet
80%
Hur många av dessa är städer? 6
73%
Vad är det finska namnet för landskapet? Pohjanmaa
73%
Vad kallar finlandssvenskar landskapet? Pampas
67%
Hur många kommuner i Österbotten? 14
60%
Vilka tre kommuner är frivilligt tvåspråkiga? Korsnäs
53%
Vilken är den enda enspråkigt finsktalande kommunen? Laihela
53%
Närpes
53%
Detta slag blev en avgörande rysk seger under stora nordiska kriget och tvingade i längden svenskarna ur Finland Slaget vid Oravais
53%
Vilket är det tredje största språket? Vietnamesiska
53%
Larsmo
47%
Hur många bor i landskapet avrundat till närmaste 10 000? 180 000
40%
Vilken kommun lämnade landskapet år 2021? Storkyro
40%
No matching quizzes found
Score Distribution
Percent of People with Each Score
Percentile by Number Answered
Your Score History
You have not taken this quiz